000 00494nam a2200169Ia 4500
008 090201s9999 xx 000 0 und d
010 _aKPL-59739
040 _bमराठी
041 _aमराठी
082 _a38765
_b59739
100 _aनंदा खरे
245 _aसंप्रति
_cनंदा खरे
260 _c2004
_bग्रंथाली प्रकाशन
300 _a206
_bमोठा
600 _aसंप्रति
942 _cBOOK
999 _c236233
_d236233